000 00484nam a2200181Ia 4500
003 GCL
008 140319s9999 xx 000 0 eng d
040 _aGCL /
_cGCL
082 0 4 _a401.93
_bP G
100 1 _aRICHARDS, BRIAN
245 1 0 _aGROWING POINTS IN CHILD LANGUAGE /
_cRICHARDS, BRIAN
700 1 _aPERERO, KATHARINE
700 1 _aGOLLIS, GLYN
260 _a[S.N] :
_bCAMBRIBGE UNIVERSITY PRESS ،
_c1994
300 _a264 P
650 0 4 _aCHILD LANGUAGE
942 _2ddc
_cBK
999 _c23702
_d23702